| 000 | 00563nam a2200217Ia 4500 | ||
|---|---|---|---|
| 005 | 20250508164715.0 | ||
| 008 | 008 250505s9999 xx 000 0 hin d | ||
| 020 | _a5-03-000302-9 | ||
| 037 | _aTextual | ||
| 040 |
_aFEDL _beng _cFEDL |
||
| 041 |
_ahin _2eng |
||
| 084 |
_a516, MUL _qFEDL |
||
| 100 |
_aMuley Gunakar _9398672 |
||
| 245 | 0 | _aJyamiti ki kahani | |
| 260 |
_aNew Delhi, India _bGyan-Vigyan Prakashan _c1979 |
||
| 300 | _a112p. | ||
| 365 |
_aINR _b22 |
||
| 546 | _aMACESE | ||
| 942 |
_cTEXL _h516, MUL |
||
| 999 |
_c1390679 _d1390679 |
||